01480nab a22002297a 4500999001500000003000400015005001700019008004100036040000700077100003200084245013800116260004200254300001300296500003400309505042100343505008900764650002800853650003200881773011900913856020501032942001301237 c5254d5254OSt20260202203855.0190506c xxu||||| |||| 00| 0 spa d cPJ 96307aCayzac, Hugo Fernando10aLa responsabilidad laboral solidaria del socio no administrador en el caso de trasvasamiento de sociedades /cHugo Fernando Cayzac. aBuenos Aires :bAbeledoPerrot,c2023. ap. 34-42 aCita Online: AR/DOC/652/2023. aSumario: I. Introducción.— II. Delimitación del concepto “conflicto intrasindical”.— III. El procedimiento y la competencia para resolver los conflictos intrasindicales.— IV. Los valores implicados.— V. El problema. El régimen disciplinario.— VI. La Jurisprudencia frente a estos conflictos.— VII. La situación en la Provincia de Tierra del Fuego.— VIII. Conclusión.— IX. Bibliografía t¿Te interesa el texto completo? Comunicate al correo: koha@justierradelfuego.gov.ar 091602aDERECHO COMERCIAL 09646aSOCIEDADES COMERCIALES0 0275193202dBuenos Aires : AbeledoPerrot, 2013-tRevista de derecho laboral y seguridad social. Nº 9 - Mayo 2023 uhttps://www.justierradelfuego.gov.ar/wp-content/uploads/2024/09/La-responsabilidad-laboral-solidaria-del-socio-no-administrador-en-el-caso-de-trasvasamiento-de-sociedades.pdfyAcceso al texto completo 2udccANA